[Event "GER North-chT U16"]
[Site "Verden an der Aller"]
[Date "2008.09.13"]
[Round "4.3"]
[White "Daus, Christian"]
[Black "Lange, Robert"]
[Result "1/2-1/2"]
[WhiteElo "1608"]
[BlackElo "1187"]
[PlyCount "30"]
[EventDate "2008.09.12"]
[EventType "team-swiss"]
[EventRounds "6"]
[EventCountry "GER"]
[SourceTitle "EXT 2011"]
[Source "ChessBase"]
[SourceDate "2010.11.26"]
[SourceVersion "1"]
[SourceVersionDate "2010.11.26"]
[SourceQuality "1"]
[WhiteTeam "Loeberitz"]
[BlackTeam "Malchow Schachinsel"]
[WhiteTeamCountry "GER"]
[BlackTeamCountry "GER"]

1. e4 e5 2. Nf3 Nc6 3. Bb5 a6 4. Ba4 Bc5 5. 0-0 d6 6. c3 Bg4 7. h3 Bxf3 8. Qxf3 Nf6 9. Rd1 b5 10. Bc2 d5 11. exd5 Qxd5 12. Qxd5 Nxd5 13. b4 Bb6 14. Bb2 Rd8 15. d4 exd4 1/2-1/2

[Event "GER North-chT U16"]
[Site "Verden an der Aller"]
[Date "2008.09.12"]
[Round "2.3"]
[White "Daus, Christian"]
[Black "Schiffner, Alexander"]
[Result "0-1"]
[WhiteElo "1608"]
[BlackElo "1564"]
[PlyCount "48"]
[EventDate "2008.09.12"]
[EventType "team-swiss"]
[EventRounds "6"]
[EventCountry "GER"]
[SourceTitle "EXT 2011"]
[Source "ChessBase"]
[SourceDate "2010.11.26"]
[SourceVersion "1"]
[SourceVersionDate "2010.11.26"]
[SourceQuality "1"]
[WhiteTeam "Loeberitz"]
[BlackTeam "Magdeburg Aufbau Elbe"]
[WhiteTeamCountry "GER"]
[BlackTeamCountry "GER"]

1. e4 c5 2. Nf3 Nc6 3. d4 cxd4 4. Nxd4 e6 5. Nc3 Nf6 6. Be3 Bb4 7. Ndb5 d5 8. exd5 Nxd5 9. Qd3 a6 10. Nd4 Ne5 11. Qd2 Qc7 12. Nde2 0-0 13. Qd4 Nc6 14. Qc4 b5 15. Qe4 Na5 16. Bd2 Nc4 17. 0-0-0 Bb7 18. Qd4 Rad8 19. Nxd5 Rxd5 20. Bf4 e5 21. Bxe5 Qd7 22. Bg3 Rxd4 23. Rxd4 Qc8 24. b3 Ba3+ 0-1

[Event "GER North-chT U16"]
[Site "Verden an der Aller"]
[Date "2008.09.12"]
[Round "1.3"]
[White "Garny, Annica"]
[Black "Daus, Christian"]
[Result "1-0"]
[WhiteElo "1678"]
[BlackElo "1608"]
[PlyCount "83"]
[EventDate "2008.09.12"]
[EventType "team-swiss"]
[EventRounds "6"]
[EventCountry "GER"]
[SourceTitle "EXT 2011"]
[Source "ChessBase"]
[SourceDate "2010.11.26"]
[SourceVersion "1"]
[SourceVersionDate "2010.11.26"]
[SourceQuality "1"]
[WhiteTeam "Hamburger SK"]
[BlackTeam "Loeberitz"]
[WhiteTeamCountry "GER"]
[BlackTeamCountry "GER"]

1. e4 e5 2. Nf3 Nc6 3. Bc4 Nf6 4. d3 d5 5. exd5 Nxd5 6. Qe2 Bg4 7. h3 Bh5 8. g4 Bg6 9. Nxe5 Nd4 10. Bb5+ c6 11. Nxc6+ Nxe2 12. Nxd8+ Kxd8 13. Kxe2 Bc5 14. Bd2 Nc7 15. Ba4 b5 16. Bb3 Re8+ 17. Be3 a5 18. a3 a4 19. Ba2 Bd4 20. c3 Bf6 21. h4 h6 22. h5 Bh7 23. Bxf7 Re7 24. Ba2 Kd7 25. Nd2 Bg5 26. Nf3 Bf4 27. Kd2 Bxe3+ 28. fxe3 Kc6 29. Nd4+ Kb6 30. Rhf1 Rae8 31. e4 Re5 32. Rf7 Rg5 33. Rf4 Re7 34. Nf3 Rc5 35. Rf7 Rxf7 36. Bxf7 Rc6 37. e5 Ne6 38. Ke3 Kc7 39. d4 Nd8 40. Be8 Rb6 41. d5 Kc8 42. Nd4 1-0